00306nam a2200097Ia 4500008004100000082001700041100002300058245002300081260003600104650006800140211119s9999||||xx |||||||||||||| ||und|| a660.6bRAI-G aRai, Santosh Kumar 0aGate:Biotechnology bC L Media Pvt. Ltda2012cNoida aTechnologyvChemical engineeringBotanyxPost Graduate Reference